00940 a2200181 450000100040000000500170000400800410002100300150006204000400007708000560011724500710017302000220024426400340026630000180030050503080031810000250062685601070065126520260407155418.0260407a2009 arg spa dAR-UNSa-BCEJYS aAR-UNSa-BCEJYSbspacAR-UNSa-BCEJYS a331.108.4xCarrera profesional dentro de la empresa10aMi carrerapcómo analizar, revisar y corregir su carrera laboral a978-950-641-441-2 1aBuenos Aires :bGranicac2009 a102 p.c18 cm a1. El significado de la carrera laboral para las personas - 2. Cómo analizar, revisar y corregir su propia carrera laboral - 3. El rol de la formación - 4. Hacer carrera dentro de la organización - 5. Los ejecutivos: secretos de su éxito - 6. ¿Qué puedo hacer para mejorar mi carrera laboral?1 aAlles, Martha Alicia41uhttps://biblioeco.unsa.edu.ar/pmb/images/libros/Mi carrera2-l117542.jpgyImagen de portadaqimage/jpeg